Флагове на държави, които започват с Н - Statistics

General Stats
  • This quiz has been taken 48 times
  • The average score is 8 of 9
Answer Stats
Picture Answer % Correct
Непал
100%
Норвегия
100%
Нидерландия
98%
Нова Зеландия
95%
Науру
90%
Никарагуа
88%
Нигерия
81%
Нигер
81%
Намибия
74%
No matching quizzes found
Score Distribution
Percent of People with Each Score
Percentile by Number Answered
Your Score History
You have not taken this quiz